000 00238nam a22001217a 4500
040 _cSK
082 _a635
100 _aAGROMISA P.
245 _aPropagating and planting trees
260 _aNA
_bAGR
_c2002
300 _a113p.
942 _cEK
999 _c9523
_d9523